01162nam a2200181Ia 4500008004100000020001500041050001800056100003800074240008700112245010400199260005400303300003300357490004300390500014700433505031100580650005000891650003900941120625s2002 es 000 0 mx d a847112460214aHQ784.M3bB831 aBuckingham, David, 1954-e, autor1 aAfter the death of childhood. Growing up in the age of electronic medialespañol10aCrecer en la era de los medios electrónicosb: tras la muerte de la infancia c/ David Buckingham3 aEspañaa : Madrid b: Ediciones Moratac , 2002 avii, 247 páginasc, 24 cm. aColección educación críticav: P aTraducción de: After the death of childhood. Growing up in the age of electronic media. \Incluye bibliografía (p. [227]-242) e índice  aEn busca del niño los mitos de la alfabetización La generación electrónica El hogar y la familia - la educación y el empleo Medios de comunicación cambiantes Los niños contemplan la violencia Los niños como consumidores Los niños como ciudadanos Los derechos mediáticos de los niños10aMEDIOS DE COMUNICACIÓN MASIVA Y EDUCACIÓN20aEDUCACIÓN EN LA PRIMERA INFANCIA